000 00435nam a22001697a 4500
003 OSt
005 20211028095449.0
008 211028b |||||||| |||| 00| 0 eng d
020 _a0-3230-4364-X
040 _aDDC
_cHU
082 _26TH
_a614
_b1
100 _aWALLACE PETERS
_915812
245 _aATLAS OF TROPICAL MEDICINE AND PARASITOLOGY
250 _a6TH
260 _aPHILADELPIA
_bELSEVIER LIMITED
_c2007
942 _2ddc
_cBOOKS
_n0
999 _c15413
_d15413